MAASAI MARA UNIVERSITY

LIBRARY CATALOGUE

Contact Us: +254 020 2685356/7 or 0774 057787

Box: 861-20500, NAROK, KENYA

Email: info@mmarau.ac.ke

Librarianship in developing countries / (Record no. 17253)

MARC details
000 -LEADER
fixed length control field 01042nam a2200313 a 4500
001 - CONTROL NUMBER
control field 3465601
003 - CONTROL NUMBER IDENTIFIER
control field OSt
005 - DATE AND TIME OF LATEST TRANSACTION
control field 20220523082700.0
008 - FIXED-LENGTH DATA ELEMENTS--GENERAL INFORMATION
fixed length control field 921230s1992 ii b 101 0 eng
010 ## - LIBRARY OF CONGRESS CONTROL NUMBER
LC control number 92909416
020 ## - INTERNATIONAL STANDARD BOOK NUMBER
International Standard Book Number 8170001404 :
Terms of availability Rs350.00
025 ## - OVERSEAS ACQUISITION NUMBER
Overseas acquisition number I-E-69925
040 ## - CATALOGING SOURCE
Original cataloging agency MMU
Transcribing agency MMU
Modifying agency MMU
Language of cataloging eng
043 ## - GEOGRAPHIC AREA CODE
Geographic area code a-ii---
-- d------
050 00 - LIBRARY OF CONGRESS CALL NUMBER
Classification number Z665.2.I4
Item number L53 1992
082 00 - DEWEY DECIMAL CLASSIFICATION NUMBER
Classification number 020/.954
Edition number 20
245 00 - TITLE STATEMENT
Title Librarianship in developing countries /
Statement of responsibility, etc. [edited by] N. Guruswamy Naidu.
260 ## - PUBLICATION, DISTRIBUTION, ETC. (IMPRINT)
Place of publication, distribution, etc. New Delhi :
Name of publisher, distributor, etc. Ess Ess Publications,
Date of publication, distribution, etc. 1992.
300 ## - PHYSICAL DESCRIPTION
Extent xii, 266 p. ;
Dimensions 22 cm.
500 ## - GENERAL NOTE
General note Includes index.
504 ## - BIBLIOGRAPHY, ETC. NOTE
Bibliography, etc Includes bibliographical references.
520 ## - SUMMARY, ETC.
Summary, etc. Seminar papers; with reference to India.
650 #0 - SUBJECT ADDED ENTRY--TOPICAL TERM
Topical term or geographic name as entry element Library science
Geographic subdivision India
General subdivision Congresses
650 #0 - SUBJECT ADDED ENTRY--TOPICAL TERM
Topical term or geographic name as entry element Library science
Geographic subdivision Developing countries
General subdivision Congresses.
700 2# - ADDED ENTRY--PERSONAL NAME
Personal name Guruswamy Naidu, N.,
Dates associated with a name 1937-
906 ## - LOCAL DATA ELEMENT F, LDF (RLIN)
a 7
b cbc
c orignew
d 3
e ncip
f 19
g y-gencatlg
942 ## - ADDED ENTRY ELEMENTS (KOHA)
Source of classification or shelving scheme Library of Congress Classification
Koha item type L
Holdings
Withdrawn status Lost status Source of classification or shelving scheme Damaged status Not for loan Home library Current library Date acquired Source of acquisition Total Checkouts Full call number Barcode Date last seen Date last checked out Price effective from Koha item type
    Library of Congress Classification     Maasai Mara University Library -Main Campus Maasai Mara University Library -Main Campus 05/23/2016 1640.00 1 Z665 .I4L53 1992 201312959 02/28/2018 02/19/2018 05/23/2016 L
© 2016 Maasai Mara University.